书目信息 |
| 题名: |
我的父亲邓小平
|
|
| 作者: | 毛毛 | |
| 分册: | ||
| 出版信息: | 北京 中央文献出版社 1993.08 |
|
| 页数: | 672页 | |
| 开本: | 32开 | |
| 丛书名: | ||
| 单 册: | ||
| 中图分类: | K821 | |
| 科图分类: | ||
| 主题词: | 人物--传记--中国 | |
| 电子资源: | ||
| ISBN: | 7-5073-0157-5 | |
| 000 | 00518nam0 2200181 45 | |
| 001 | 9911301546 | |
| 005 | 19991130154458.7 | |
| 010 | @a7-5073-0157-5@d13.80 | |
| 100 | @a19991130d1993 km y0chiy0120 ea | |
| 101 | @achi | |
| 105 | @a z 000yy | |
| 200 | 1 | @a我的父亲邓小平@AWo De Fu Qin Deng Xiao Ping@f毛毛@FMao Mao |
| 210 | @a北京@c中央文献出版社@d1993.08 | |
| 215 | @a672页@c无图表@d32开 | |
| 606 | 0 | @a人物@x传记@x中国 |
| 690 | @aK821@v3 | |
| 801 | @aCN@bPerfectUser@c19991130 | |
| 905 | @aBZT@b43639-643@f5@dK821@e13 | |
| 我的父亲邓小平/毛毛.-北京:中央文献出版社,1993.08 |
| 672页:无图表;32开 |
| ISBN 7-5073-0157-5:13.80 |
| ● |
| 相关链接 |
|
|
|
正题名:我的父亲邓小平
索取号:K821/13
 
预约/预借
| 序号 | 登录号 | 条形码 | 馆藏地/架位号 | 状态 | 备注 |
| 1 | 43639 | 200423924 | 中心书库南/007架A面5层4列/ [索取号:K821/13] | 在馆 | |
| 2 | 43640 | 200423906 | 中心书库南/019架B面4层8列/ [索取号:K821/13] | 在馆 | |
| 3 | 43642 | 200423933 | 中心书库南/019架B面3层7列/ [索取号:K821/13] | 在馆 | |
| 4 | 43643 | 200423915 | 中心书库南/019架B面4层8列/ [索取号:K821/13] | 在馆 |